Culture Générale - Série 1066 - Statistiques

Statistiques générales
  • Ce quiz a été pris 94 fois
  • Le résultat moyen est 5 sur 10
Statistiques - réponses
Question Réponse % Correct
De quelle couleur est le paradis chanté par Michel Berger en 1980 ? blanc
91%
C'est le top du top, c'est le nec ... plus ultra
84%
Figure de rhétorique qui consiste à atténuer l'expression de sa pensée (ex. ce n'est pas mauvais pour c'est très bon), dont l'anagramme est "Eliott" litote
82%
Quelle athlète française, spécialiste du 400 mètres avait-on surnommée "La gazelle " ? Marie José Perec
59%
Quelle chanteuse née en 1980 triomphe avec la chanson "Je veux" en 2010, et reprend en 2014 de vieilles chansons françaises célébrant Paris ? Zaz
58%
Toute fête religieuse musulmane en 3 lettres aïd
49%
Dans quelle région de France se situent les monts d'Arrées ? Bretagne
48%
L'Épire constitue l'une des treize régions administratives de la ... Grèce
48%
Dans quel département français se trouve la ville de Lure ? Haute Saône
19%
De quel pays européen le "lari" est-il la monnaie officielle ? Géorgie
9%
Aucun quiz correspondant
Distribution des résultats
% des personnes avec chaque résultat
Percentile par nombre de réponses
Votre historique - résultats
Vous n’avez pas pris ce quiz